| 000 | 01823cam a2200421 a 4500 | ||
|---|---|---|---|
| 001 | 12811907 | ||
| 003 | PILC | ||
| 005 | 20160114094707.0 | ||
| 008 | 020610s2003 nyua c 000 1 eng | ||
| 010 | _a 2002075279 | ||
| 020 | _a0399239995 | ||
| 040 |
_aDLC _cDLC _dDLC |
||
| 042 | _alcac | ||
| 050 | 0 | 0 |
_aPZ 7 _b.J19 2004 |
| 082 | 0 | 0 |
_aFIC J16a _b 2003 |
| 100 | 1 |
_aJacques, Brian. _918386 |
|
| 245 | 1 | 4 |
_aThe angel's command : _ba tale from the castaways of the flying dutchman _cBrian Jacques ; illustrated by David Elliot. |
| 260 |
_aNew York : _bThe Redwall Abbey Company, Ltd., _cc2003. |
||
| 300 |
_a340 p. : _bill. ; _c18 cm. |
||
| 500 | _aSequel to: Castaways of the Flying Dutchman. | ||
| 500 | _aSequel: Voyage of slaves. | ||
| 520 | _aBen and Ned, a boy and dog gifted with eternal youth and the ability to communicate with one another nonverbally, encounter pirates on the high seas and rescue a kidnapped prince from a band of gypsy thieves. | ||
| 650 | 1 |
_aHeroes _vFiction. _918387 |
|
| 650 | 1 |
_aDogs _vFiction. _918388 |
|
| 650 | 1 |
_aOrphans _vFiction. _918389 |
|
| 650 | 1 |
_aAngels _vFiction. _918390 |
|
| 650 | 1 |
_aPirates _vFiction. _918391 |
|
| 650 | 1 |
_aPrinces _vFiction. _918392 |
|
| 650 | 1 |
_aSpace and time _vFiction. _918393 |
|
| 650 | 1 |
_aFlying Dutchman _vFiction. _918394 |
|
| 700 | 1 |
_aElliot, David, _d1952- _eill. _918395 |
|
| 856 | 4 | 2 |
_3Contributor biographical information _uhttp://www.loc.gov/catdir/enhancements/fy0717/2002075279-b.html |
| 856 | 4 | 2 |
_3Publisher description _uhttp://www.loc.gov/catdir/enhancements/fy0717/2002075279-d.html |
| 906 |
_a7 _bcbc _corignew _d1 _eocip _f20 _gy-gencatlg |
||
| 942 |
_2lcc _cBK |
||
| 999 |
_c10956 _d10956 |
||